[Event "Oberliga Baden 2223"]
[Site "Germany"]
[Date "2022.10.09"]
[Round "2.6"]
[White "Springmann, Martin"]
[Black "Hecht, Jonas Christian"]
[Result "0-1"]
[WhiteElo "2190"]
[BlackElo "1852"]
[PlyCount "86"]
[EventDate "2022.09.18"]
[EventType "team-tourn"]
[EventRounds "9"]
[EventCountry "GER"]
[SourceTitle "EXT 2024"]
[Source "ChessBase"]
[SourceDate "2023.10.10"]
[SourceVersion "1"]
[SourceVersionDate "2023.10.10"]
[SourceQuality "1"]
[WhiteTeam "Sasbach"]
[BlackTeam "Brombach"]
[WhiteTeamCountry "GER"]
[BlackTeamCountry "GER"]

1. e4 c5 2. Nc3 Nc6 3. g3 e6 4. Bg2 Nf6 5. Nge2 d5 6. exd5 exd5 7. 0-0 d4 8. Ne4 Be7 9. d3 0-0 10. Nf4 Na5 11. h3 Kh8 12. Nxf6 Bxf6 13. Nh5 Bd7 14. f4 Nc6 15. Bd2 Be7 16. f5 f6 17. Be4 Qc7 18. Rf4 Bd6 19. Qg4 Rf7 20. Bd5 Re7 21. Qh4 Bxf4 22. Bxf4 Ne5 23. Nxf6 Bxf5 24. Nxh7 Ng6 25. Bxc7 Nxh4 26. Bd6 Rd7 27. Ng5 Bg6 28. gxh4 Rxd6 29. Bf3 Rf8 30. h5 Bf5 31. Re1 c4 32. Re7 cxd3 33. cxd3 Rd7 34. Re5 Bxd3 35. Bg4 Rd6 36. Re7 Bc4 37. Rxb7 d3 38. Ne4 Ra6 39. Rc7 Bxa2 40. Rd7 Bc4 41. Nd6 Bd5 42. Nf5 Be6 43. h6 gxh6 0-1

[Event "GER-chT Lands U20"]
[Site "Wiesbaden"]
[Date "2022.10.01"]
[Round "1.7"]
[White "Haenselmann, Hendrik"]
[Black "Hecht, Jonas Christian"]
[Result "1/2-1/2"]
[WhiteElo "1989"]
[BlackElo "1852"]
[PlyCount "56"]
[EventDate "2022.09.30"]
[EventType "team-swiss"]
[EventRounds "7"]
[EventCountry "GER"]
[SourceTitle "CBM 210 Extra"]
[Source "ChessBase"]
[SourceDate "2022.11.30"]
[SourceVersion "1"]
[SourceVersionDate "2022.11.30"]
[SourceQuality "1"]
[WhiteTeam "Baden U20"]
[BlackTeam "Baden U20 II"]
[WhiteTeamCountry "GER"]
[BlackTeamCountry "GER"]

1. e4 c5 2. Nc3 Nc6 3. Bb5 Nd4 4. Nf3 a6 5. Bd3 g6 6. 0-0 Bg7 7. Re1 Nxf3+ 8. Qxf3 d6 9. Bc4 Nf6 10. h3 0-0 11. a4 Rb8 12. d3 Bd7 13. a5 Bc6 14. Qe2 Re8 15. Be3 e6 16. Bb3 Rc8 17. Na4 Nd7 18. c3 Qxa5 19. Nxc5 Qd8 20. Nxd7 Qxd7 21. Bb6 d5 22. e5 f6 23. Bd4 f5 24. f4 Qd8 25. Bf2 Kh8 26. Qe3 Bh6 27. h4 Bf8 28. Qh3 h5 1/2-1/2

[Event "GER-ch U16"]
[Site "Willingen"]
[Date "2022.06.11"]
[Round "9"]
[White "Beyer, Lorenz"]
[Black "Hecht, Jonas Christian"]
[Result "1/2-1/2"]
[WhiteElo "1512"]
[BlackElo "1938"]
[PlyCount "42"]
[EventDate "2022.06.04"]
[EventType "swiss"]
[EventRounds "9"]
[EventCountry "GER"]
[SourceTitle "CBM 208 Extra"]
[Source "ChessBase"]
[SourceDate "2022.07.31"]
[SourceVersion "1"]
[SourceVersionDate "2022.07.31"]
[SourceQuality "1"]

1. d4 Nf6 2. Bf4 d5 3. Nf3 c5 4. e3 Nc6 5. c3 Qb6 6. b3 cxd4 7. cxd4 Bf5 8. a3 e6 9. Be2 Qa5+ 10. Nbd2 Bxa3 11. 0-0 Qb4 12. Nh4 Qe7 13. Nxf5 exf5 14. Bb5 0-0 15. Bxc6 bxc6 16. Qc2 Bb4 17. Nf3 Qe6 18. Ra6 Rfc8 19. Rc1 Ne4 20. Rxc6 Rxc6 21. Qxc6 Qxc6 1/2-1/2

[Event "GER-ch U14"]
[Site "Willingen"]
[Date "2021.08.29"]
[Round "9"]
[White "Ohler, Julius"]
[Black "Hecht, Jonas Christian"]
[Result "0-1"]
[WhiteElo "2014"]
[BlackElo "1948"]
[PlyCount "56"]
[EventDate "2021.08.22"]
[EventType "swiss"]
[EventRounds "9"]
[EventCountry "GER"]
[SourceTitle "EXT 2022"]
[Source "ChessBase"]
[SourceDate "2021.10.06"]
[SourceVersion "1"]
[SourceVersionDate "2021.10.06"]
[SourceQuality "1"]

1. d4 d5 2. c4 e6 3. Nc3 Nf6 4. Bg5 Nbd7 5. e3 c6 6. Nf3 Be7 7. Qc2 h6 8. Bf4 Qa5 9. Nd2 0-0 10. g4 Bb4 11. Bd3 Re8 12. Nb3 Bxc3+ 13. bxc3 Qa4 14. cxd5 e5 15. Bg3 cxd5 16. Qe2 e4 17. Bb5 Qa3 18. Rg1 a6 19. g5 hxg5 20. Bxd7 Bxd7 21. Be5 Nh7 22. Rb1 Rac8 23. Qd2 b6 24. h4 f6 25. Bg3 Rc6 26. Qc1 Qxa2 27. Nd2 Qa5 28. c4 Rxc4 0-1

[Event "GER-ch U14"]
[Site "Willingen"]
[Date "2021.08.28"]
[Round "8"]
[White "Hecht, Jonas Christian"]
[Black "Hagner, Bennet"]
[Result "1/2-1/2"]
[WhiteElo "1948"]
[BlackElo "2118"]
[PlyCount "116"]
[EventDate "2021.08.22"]
[EventType "swiss"]
[EventRounds "9"]
[EventCountry "GER"]
[SourceTitle "EXT 2022"]
[Source "ChessBase"]
[SourceDate "2021.10.06"]
[SourceVersion "1"]
[SourceVersionDate "2021.10.06"]
[SourceQuality "1"]

1. e4 c6 2. d4 d5 3. Nc3 dxe4 4. Nxe4 Bf5 5. Ng3 Bg6 6. h4 h6 7. Nf3 Nd7 8. Bd3 Bxd3 9. Qxd3 e6 10. Bf4 Qa5+ 11. Bd2 Bb4 12. c3 Be7 13. Ne4 Ngf6 14. 0-0 0-0 15. Bf4 Rfd8 16. Nxf6+ Bxf6 17. Qe4 Qb6 18. Qe2 c5 19. Be5 Bxe5 20. dxe5 Qc7 21. Rfd1 Nb6 22. c4 Rxd1+ 23. Rxd1 Rd8 24. Rxd8+ Qxd8 25. Qd2 Qxd2 26. Nxd2 Na4 27. b3 Nb2 28. Ne4 Nd3 29. Nd6 b6 30. Nc8 Nxe5 31. Nxa7 f5 32. f4 Nd7 33. a3 Kf7 34. Nc6 Kf6 35. Kf2 g5 36. hxg5+ hxg5 37. fxg5+ Kxg5 38. b4 cxb4 39. axb4 Kf4 40. Nd4 e5 41. Nb3 e4 42. c5 bxc5 43. Nxc5 Nb6 44. Nb3 Nd5 45. b5 e3+ 46. Kf1 Ke4 47. Nc1 Kd4 48. g3 Ke4 49. Ne2 Kd3 50. Ke1 Nb6 51. Nf4+ Ke4 52. Ne2 Kd3 53. Nf4+ Kd4 54. Ke2 Ke4 55. Ng2 Nd5 56. b6 Nxb6 57. Nxe3 f4 58. gxf4 Kxf4 1/2-1/2

[Event "GER-ch U14"]
[Site "Willingen"]
[Date "2021.08.27"]
[Round "7"]
[White "Hecht, Jonas Christian"]
[Black "Von Mettenheim, Johannes"]
[Result "1-0"]
[WhiteElo "1948"]
[BlackElo "1953"]
[PlyCount "39"]
[EventDate "2021.08.22"]
[EventType "swiss"]
[EventRounds "9"]
[EventCountry "GER"]
[SourceTitle "EXT 2022"]
[Source "ChessBase"]
[SourceDate "2021.10.06"]
[SourceVersion "1"]
[SourceVersionDate "2021.10.06"]
[SourceQuality "1"]

1. e4 c5 2. Nf3 e6 3. d4 cxd4 4. Nxd4 a6 5. Nc3 Qc7 6. Be3 Nf6 7. a3 b5 8. f3 Bb7 9. Be2 Bc5 10. Qd2 d5 11. Ndxb5 axb5 12. Nxb5 Qb6 13. Bxc5 Qxc5 14. e5 Nfd7 15. Nd6+ Kf8 16. Nxb7 Qb6 17. Nd6 Qxb2 18. 0-0 Qxe5 19. Qb4 Ke7 20. Nc4+ 1-0

[Event "GER-chT Lands U20"]
[Site "Berlin"]
[Date "2020.10.04"]
[Round "7.3"]
[White "Halabi, Ibrahim"]
[Black "Hecht, Jonas Christian"]
[Result "1/2-1/2"]
[WhiteElo "1895"]
[BlackElo "1764"]
[PlyCount "103"]
[EventDate "2020.09.29"]
[EventType "team-swiss"]
[EventRounds "7"]
[EventCountry "GER"]
[SourceTitle "CBM 198 Extra"]
[Source "ChessBase"]
[SourceDate "2020.11.30"]
[SourceVersion "1"]
[SourceVersionDate "2020.11.30"]
[SourceQuality "1"]
[WhiteTeam "Rheinland Pfalz U20"]
[BlackTeam "Baden U20"]
[WhiteTeamCountry "GER"]
[BlackTeamCountry "GER"]

1. e4 e5 2. Nf3 Nc6 3. Bc4 Bc5 4. c3 Nf6 5. d3 0-0 6. Nbd2 d5 7. exd5 Nxd5 8. 0-0 Nb6 9. Qe2 Bd6 10. Bb3 Bg4 11. Ne4 Kh8 12. Ng3 Qf6 13. Bd1 Qe7 14. h3 Be6 15. Ne4 f5 16. Nxd6 cxd6 17. Bc2 h6 18. Be3 g5 19. Bxb6 axb6 20. a3 Qf6 21. Nh2 Ne7 22. Qf3 Nd5 23. Bb3 Qf7 24. Bxd5 Bxd5 25. Qe3 b5 26. f3 Rae8 27. a4 Bc6 28. axb5 Bxb5 29. c4 Bc6 30. b4 Qc7 31. b5 Bd7 32. Ra7 f4 33. Qf2 Bf5 34. Rd1 Ra8 35. Kh1 Rfb8 36. Qa2 Rxa7 37. Qxa7 Rc8 38. Ng4 Kg7 39. Nf2 Qc5 40. Qxb7+ Rc7 41. Qb8 Rc8 42. Qb7+ Rc7 43. Qd5 Qxf2 44. Qxd6 Qc5 45. Qxc5 Rxc5 46. b6 Rc8 47. Rc1 Bxd3 48. c5 Bb5 49. Rb1 Bc6 50. b7 Rb8 51. Rb6 Bd5 52. c6 1/2-1/2